Edge: a novel (Record no. 41110)
[ view plain ]
| 000 -LEADER | |
|---|---|
| fixed length control field | 01255nam a2200229 a 4500 |
| 001 - CONTROL NUMBER | |
| control field | 16296845 |
| 008 - FIXED-LENGTH DATA ELEMENTS--GENERAL INFORMATION | |
| fixed length control field | 161007s2010 ||||||||||||||||| || u |
| 010 ## - LIBRARY OF CONGRESS CONTROL NUMBER | |
| LC control number | 2010026347 |
| 020 ## - INTERNATIONAL STANDARD BOOK NUMBER | |
| International Standard Book Number | 9781444704457 |
| 020 ## - INTERNATIONAL STANDARD BOOK NUMBER | |
| International Standard Book Number | 9781439158975 (ebook) |
| 050 ## - LIBRARY OF CONGRESS CALL NUMBER | |
| Classification number | PS 3554.E1755 E34 |
| 100 ## - MAIN ENTRY--PERSONAL NAME | |
| Personal name | Deaver, Jeffery |
| 245 10 - TITLE STATEMENT | |
| Title | Edge: a novel |
| Statement of responsibility, etc. | Jeffery Deaver |
| 260 ## - PUBLICATION, DISTRIBUTION, ETC. | |
| Place of publication, distribution, etc. | London |
| Name of publisher, distributor, etc. | Hodder and Stoughton |
| Date of publication, distribution, etc. | 2010 |
| 300 ## - PHYSICAL DESCRIPTION | |
| Extent | 397 p. |
| 350 ## - PRICE (NR) (BK AM CF MU VM SE) [OBSOLETE] | |
| Price | 37.28 |
| 520 ## - SUMMARY, ETC. | |
| Summary, etc. | When Washington D.C. police detective Ryan Kessler is targeted by "lifter" Henry Loving, he and his family are immediately put under government protection. Assigned to the Kesslers is protection officer Corte: uncompromising, relentlessly devoted to protecting those in his care and a brilliant game strategist. As the "lifter" closes in on his prey, Corte must decide whether to protect his charges, or expose them to a killer in the name of personal revenge. |
| 650 ## - SUBJECT ADDED ENTRY--TOPICAL TERM | |
| Topical term or geographic name entry element | ENGLISH LANGUAGE |
| 856 ## - ELECTRONIC LOCATION AND ACCESS | |
| Uniform Resource Identifier | <a href="http://www.loc.gov/catdir/enhancements/fy1013/2010026347-b.html">http://www.loc.gov/catdir/enhancements/fy1013/2010026347-b.html</a> |
| 856 ## - ELECTRONIC LOCATION AND ACCESS | |
| Uniform Resource Identifier | <a href="http://www.loc.gov/catdir/enhancements/fy1013/2010026347-d.html">http://www.loc.gov/catdir/enhancements/fy1013/2010026347-d.html</a> |
| 995 ## - RECOMMENDATION 995 [LOCAL, UNIMARC FRANCE] | |
| -- | CBU-MAIN LIBRARY (Kitwe) |
| -- | 37.28 |
| -- | 1 |
| -- | AVAILABLE |
| -- | Oct 7, 2016 |
| -- | Fiction Collection |
| Withdrawn status | Lost status | Source of classification or shelving scheme | Damaged status | Not for loan | Home library | Current library | Shelving location | Date acquired | Total Checkouts | Full call number | Barcode | Date last seen | Date last checked out | Price effective from | Koha item type |
|---|---|---|---|---|---|---|---|---|---|---|---|---|---|---|---|
| CBU-MAIN LIBRARY, KITWE. | CBU-MAIN LIBRARY, KITWE. | 11/30/2022 | 2 | PS 3554.E1755 E34 | 746864 | 11/20/2025 | 10/03/2025 | 11/30/2022 | MONOGRAPH |